Coptic Hymns - Statistics

General Stats
  • This quiz has been taken 8 times
  • The average score is 5 of 21
Answer Stats
Hint Language Answer % Correct
Nativity Feast Coptic Ⲡⲓϫⲓⲛⲙⲓⲥⲓ
75%
Nativity Feast Coptic Ⲅⲉⲛⲉⲑⲗⲓⲟⲛ
50%
Nativity Feast Greek Ⲏⲡⲁⲣⲑⲉⲛⲟⲥ
50%
Theophany Coptic Ⲟⲩⲣⲁⲛ ⲛϣⲟⲩϣⲟⲩ
50%
Great Fast Weekends Greek Ⲙⲉⲅⲁⲗⲟⲩ
50%
Nativity Feast Coptic Ⲟⲩⲥⲓⲟⲩ ⲁϥϣⲁⲓ
25%
Feast of the Cross Coptic Ⲉⲧⲁⲩⲉⲛ ⲛⲓⲥϧⲁⲓ
25%
Wedding of Cana Coptic Ⲛⲓⲭⲱⲣⲁ
25%
Good Friday 6th Hour Greek Ⲟⲙⲟⲛⲟⲅⲉⲛⲏⲥ
25%
Bright Saturday Praises Coptic Ⲁⲛⲟⲕ Ⲡⲉ Ⲡⲓⲕⲟⲩϫⲓ
25%
Resurrection Feast Greek Ⲭⲣⲓⲥⲧⲟⲥ ⲁⲛⲉⲥⲧⲏ
25%
Resurrection Feast Greek Ⲧⲟⲩ ⲗⲓⲑⲟⲩⲥ
25%
Pentecost Coptic Ⲡⲓⲡⲛⲉⲩⲙⲁ
25%
Apostles Fast Greek Ⲟⲛⲧⲟⲥ
25%
Resurrection Feast Coptic Ⲕⲁⲧⲁ ⲛⲓⲭⲟⲣⲟⲥ
0%
Resurrection Feast Greek Ⲧⲟⲛ ⲥⲩⲛⲁ
0%
Resurrection Feast Coptic Ⲡⲓⲭⲣⲓⲥⲧⲟⲥ ⲁϥⲧⲱⲛϥ
0%
Ascension Feast Coptic Ⲁⲫⲣⲉⲕ ⲧⲫⲉ
0%
Ascension Feast Greek Ⲭⲣⲓⲥⲧⲟⲥ ⲁⲛⲁⲗⲩⲙⲯⲓⲥ
0%
Apostles Coptic Ⲛⲑⲱⲧⲉⲛ ⲇⲉ
0%
Apostles Coptic Ⲛⲓⲣⲱⲙⲓ
0%
No matching quizzes found
Score Distribution
Percent of People with Each Score
Percentile by Number Answered
Your Score History
You have not taken this quiz